|
|
|
|
| LEADER |
00000cam a2200000 7i4500 |
| 001 |
0000002273 |
| 005 |
20030423.0 |
| 090 |
0 |
0 |
|a FAO634.92
|b SPE 1985
|
| 245 |
0 |
0 |
|a SPECIAL study on forest management, afforestation and utilization of forest resources in the developing regions :
|b Asia-Pacific region
|
| 260 |
0 |
0 |
|a Bangkok :
|b Food and Agriculture Organization of the United Nations ,
|c 1985
|
| 300 |
|
|
|a vii, 75 p. ;
|c 30 cm.
|
| 650 |
0 |
0 |
|a Afforestation
|
| 650 |
0 |
0 |
|a Forest management
|
| 998 |
|
|
|a JPSM
|
| 999 |
|
|
|a 0000003987
|b Monograph
|c Food and Agriculture Organization
|e Default branch
|